[Event "Julian Mazur Memorial"]
[Site "Wellington Chess Club"]
[Date "2010.11.16"]
[Round "5"]
[White "Wastney, Scott"]
[Black "Ker, Anthony"]
[Result "1-0"]
[WhiteElo "2375"]
[BlackElo "2444"]

1. e4 d6 2. d4 Nf6 3. Nc3 g6 4. f4 Bg7 5. Nf3 c5 6. dxc5 Qa5 7. Qd4 O-O 8. cxd6
Nxe4 9. Qxe4 Bxc3+ 10. bxc3 Qxc3+ 11. Kf2 Qxa1 12. dxe7 Re8 13. Bc4 Qf6 14. Ba3
Bf5 15. Qd4 Nd7 16. Rd1 Bxc2 17. Rd2 Qxd4+ 18. Nxd4 Ba4 19. Bb5 Nb6 20. Bxa4
Nxa4 21. Nb5 f6 22. Nc7 Rac8 23. Nxe8 Rxe8 24. Rd7 b6 25. Rxa7 Nc5 26. Ke3 Kf7
27. g3 Rc8 28. Bb4 h5 29. a4 Rc6 30. Kd4 Rd6+ 31. Kc4 Rd1 32. Bxc5 Rc1+ 33. Kb5
bxc5 34. Rc7 Rc2 35. a5 Rxh2 36. a6 Ra2 37. a7 c4 {38.e8Q+ Kxe8 39.Rc8+ Kd7
40.a8Q Rxa8 41.Rxa8 c3 42.Ra3 c2 43.Rc3 Ke6 44.Rxc2 Kf5 45.Kc4 Kg4 46.Rc3 g5
47.fxg5 fxg5 48.Kd4 h4 49.gxh4 gxh4 50.Ke3 Kg3 51.Rc8 h3 52.Rg8+ Kh2 53.Kf2 Kh1
54.Rh8 h2 55.Kg3 1-0 } 1-0

[Event "Julian Mazur Memorial"]
[Site "Wellington Chess Club"]
[Date "2010.11.16"]
[Round "5"]
[White "Wilson, Dallas"]
[Black "Whittle, Jonathon"]
[Result "1-0"]
[WhiteElo "1740"]
[BlackElo "1635"]

1. e4 g6 2. Nf3 Bg7 3. Bc4 e6 4. c3 b6 5. d4 Bb7 6. e5 Ne7 7. Bg5 h6 8. Bf4 d6
9. O-O Nd7 10. Re1 Bxf3 11. Qxf3 d5 12. Bd3 c5 13. Na3 a6 14. Nc2 c4 15. Bf1 a5
16. Na3 O-O 17. Qh3 g5 18. Bd2 Nf5 19. Nb5 Qe7 20. Nc7 Nh4 21. Nxa8 Rxa8 22.
Qg4 Re8 23. g3 f5 24. Qh5 Kh7 25. gxh4 gxh4 26. Bh3 Rg8 27. Kh1 1-0

[Event "Julian Mazur Memorial"]
[Site "Wellington Chess Club"]
[Date "2010.11.23"]
[Round "?"]
[White "Stoeveken, Peter"]
[Black "Jackson, Ross"]
[Result "1/2-1/2"]
[WhiteElo "1663"]
[BlackElo "2013"]

1. d4 Nf6 2. Nf3 e6 3. c4 c5 4. Bg5 cxd4 5. Qxd4 Nc6 6. Qf4 Be7 7. e4 h6 8.
Bxf6 Bxf6 9. Nbd2 Bxb2 10. Rd1 Qf6 11. Qd6 Qe7 12. Qg3 Nb4 13. e5 Nc2+ 14. Ke2
Kf8 15. Ne4 b6 16. Rd2 Na3 17. Rxb2 Nxc4 18. Rb3 Ba6 19. Ke1 Rc8 20. Nfd2 Nxd2
21. Kxd2 Bxf1 22. Rxf1 g6 23. Nd6 Rc6 24. Rc3 Rxc3 25. Qxc3 Qg5+ 26. Ke2 Qxg2
27. Qc8+ Kg7 28. Qxd7 Rf8 29. Qe7 Qxh2 30. Qf6+ Kg8 31. Rc1 Qh5+ 32. Kd3 g5 33.
Rc8 Qd1+ 34. Ke3 Qe1+ 35. Kf3 Qd1+ 36. Kg2 Qg4+ 37. Kh2 Qh4+ 38. Kg2 Qg4+ 39.
Kf1 Qd1+ 40. Kg2 1/2-1/2

[Event "Julian Mazur Memorial"]
[Site "Wellington Chess Club"]
[Date "2010.11.23"]
[Round "6"]
[White "Brockway, Andrew"]
[Black "Gillespie, John"]
[Result "1/2-1/2"]
[WhiteElo "1803"]
[BlackElo "1510"]

1. e4 e5 2. Nf3 Nc6 3. Bb5 a6 4. Bxc6 dxc6 5. O-O Bg4 6. h3 Bxf3 7. Qxf3 Qf6 8.
Qxf6 Nxf6 9. d3 h6 10. Nd2 O-O-O 11. Nc4 Nd7 12. Bd2 Bc5 13. Bc3 f6 14. Bd2 Nf8
15. Ne3 Ne6 16. Nf5 g5 17. Be3 Bf8 18. Rad1 c5 19. g3 Nd4 20. Bxd4 cxd4 21. Kg2
Rd7 22. Kf3 h5 23. Ke2 c5 24. Rh1 Rc7 25. Rc1 Rhh7 26. c4 dxc3 27. Rxc3 b5 28.
Rhc1 b4 29. Rc4 Rhd7 30. Ne3 Rd4 31. Nd5 Rxc4 32. Rxc4 Rc6 33. Nxb4 Rb6 34. Nd5
Rxb2+ 35. Kf3 g4+ 36. hxg4 hxg4+ 37. Ke3 Bh6+ 38. f4 gxf3+ 39. Kxf3 Bf8 40. a4
Rb1 41. Kg4 Rb3 42. Rc3 Rb7 43. Kf5 Rd7 44. Kxf6 Bg7+ 45. Kf5 Bf8 46. Kg4 Rg7+
47. Kf3 Rf7+ 48. Kg2 Rb7 49. Kf3 Rf7+ 50. Kg2 Rb7 1/2-1/2

[Event "Julian Mazur Memorial"]
[Site "Wellington Chess Club"]
[Date "2010.11.23"]
[Round "6"]
[White "Dive, Russell"]
[Black "Pomeroy, Arthur"]
[Result "1/2-1/2"]
[WhiteElo "2460"]
[BlackElo "2098"]

1. c4 g6 2. g3 Bg7 3. Bg2 d6 4. Nc3 Nc6 5. a3 a5 6. d3 e5 7. Rb1 Nf6 8. b4 axb4
9. axb4 O-O 10. b5 Ne7 11. Nf3 h6 12. O-O Be6 13. Qb3 Qd7 14. Re1 Bh3 15. Bh1
Ng4 16. Ba3 Kh7 17. c5 f5 18. cxd6 cxd6 19. Qb4 Rad8 20. Nd2 Nc8 21. Nd5 f4 22.
Ne4 Qf5 23. Bf3 g5 24. Rbc1 Kh8 25. Rxc8 Qxc8 26. Nxd6 Qe6 27. Nc7 Qd7 28. b6
fxg3 29. hxg3 Nxf2 30. Kxf2 g4 31. Nxb7 gxf3 32. Nxd8 fxe2+ 33. Kxe2 Bg4+ 34.
Kd2 Rxd8 35. Qb5 Qf7 36. Bc5 Qa2+ 37. Kc3 e4+ 38. d4 e3 39. Qb2 Qa5+ 40. Qb4
Qa2 41. Rxe3 Bf5 42. Qb2 Qa5+ 43. Kc4 Qa4+ 44. Qb4 Qc2+ 45. Kb5 Bd3+ 46. Kc6
Rxd4 47. Qa3 Be4+ 48. Kb5 Qc4+ 49. Ka5 Rd2 50. b7 Bxb7 51. Rb3 Be4 52. Qb4 Ra2+
53. Kb6 Qc2 54. Ne6 Qe2 55. Qb5 Qxb5+ 56. Kxb5 Bd5 57. Re3 Rb2+ 58. Ka5 Ra2+
59. Kb6 Rb2+ 60. Kc7 Bxe6 61. Rxe6 Rc2 1/2-1/2

[Event "Julian Mazur Memorial"]
[Site "Wellington Chess Club"]
[Date "2010.11.23"]
[Round "6"]
[White "Farrington, Lawrence"]
[Black "Stracy, Don"]
[Result "0-1"]
[WhiteElo "1698"]
[BlackElo "1796"]

1. e4 c5 2. c3 Nf6 3. e5 Nd5 4. d4 cxd4 5. Nf3 Nc6 6. cxd4 d6 7. Nc3 dxe5 8.
dxe5 Nxc3 9. Qxd8+ Nxd8 10. bxc3 Bd7 11. Bb2 g6 12. Bc4 Bg7 13. O-O O-O 14.
Rac1 Rc8 15. Bb3 Nc6 16. e6 Bxe6 17. Bxe6 fxe6 18. Ng5 Nd8 19. g3 h6 20. Ne4
Rc4 21. Nd2 Ra4 22. a3 Nc6 23. f4 e5 24. fxe5 Rxf1+ 25. Kxf1 Nxe5 26. Ke2 Nf7
27. Kd3 Ra6 28. Kc2 Re6 29. Nf3 Re2+ 30. Kb1 Rf2 31. Nh4 Ne5 32. Rc2 Rf1+ 33.
Ka2 g5 34. Ng2 Nd3 35. Ne3 Re1 36. Nf5 Nxb2 37. Kxb2 Bf8 38. Rd2 Kf7 39. Nd4 e5
40. Rf2+ Ke8 41. Ne6 Be7 42. Ng7+ Kd7 43. Rd2+ Kc6 44. Nf5 Bf8 45. g4 Rf1 46.
Ne3 Rf3 47. Nc4 Bg7 48. Kb3 e4 49. Rc2 Kc5 50. Nd2 Re3 51. Kb2 Kc6 52. Kb3 Re2
53. Nf1 Re1 54. Nd2 e3 55. Nf3 Rf1 56. Nd4+ Kd5 57. Ne2 Rf2 58. h3 Ke4 0-1

[Event "Julian Mazur Memorial"]
[Site "Wellington Chess Club"]
[Date "2010.11.23"]
[Round "6"]
[White "Forster, Bill"]
[Black "Kay, Bruce"]
[Result "0-1"]
[WhiteElo "1990"]
[BlackElo "1802"]

1. e4 e5 2. Nf3 Nc6 3. d4 exd4 4. Nxd4 Nf6 5. Nxc6 bxc6 6. e5 Qe7 7. Qe2 Nd5 8.
c4 Ba6 9. b3 g5 10. g3 Bg7 11. Bb2 O-O-O 12. Bg2 Rde8 13. O-O h5 14. Re1 Kb8
15. Na3 h4 16. Qd2 Nb6 17. g4 h3 18. Bf3 Qe6 19. Qa5 Bb7 20. Nc2 c5 21. Qc3 Rh4
22. Bd1 Qc6 23. f3 Rxg4+ 24. Kf1 Rg2 25. Ne3 Rxh2 26. Ng4 Rg2 27. Rc1 Rxg4 28.
Rc2 Rg3 29. Rh2 Rh8 30. Qc2 Rg2 31. Rxg2 hxg2+ 32. Qxg2 Qh6 33. e6 fxe6 0-1

[Event "Julian Mazur Memorial"]
[Site "Wellington Chess Club"]
[Date "2010.11.23"]
[Round "6"]
[White "Nijman, Brian"]
[Black "Wastney, Scott"]
[Result "0-1"]
[WhiteElo "2157"]
[BlackElo "2375"]

1. Nf3 d5 2. c4 e6 3. g3 Nf6 4. Bg2 Be7 5. O-O O-O 6. Qc2 c5 7. d3 Nc6 8. e4
dxe4 9. dxe4 Nb4 10. Qe2 Qd3 11. Re1 Rd8 12. Na3 Bd7 13. Ne5 Qxe2 14. Rxe2 Be8
15. Bd2 Nd7 16. Nf3 Rac8 17. Bc3 Nb8 18. b3 Rd3 19. Bxb4 cxb4 20. Nc2 Rcd8 21.
e5 Bc6 22. Nfe1 Rd2 23. Kf1 Bc5 24. Nf3 R2d3 25. Nce1 Rd1 26. Rxd1 Rxd1 27. Ng5
Bd4 28. Be4 Bxe4 29. Rxe4 Bc3 30. Nf3 Nc6 31. Kg2 Kf8 32. Re2 h6 33. Nc2 g5 34.
g4 Kg7 35. Ne3 Rd3 36. Nf1 Rxf3 37. Kxf3 Nd4+ 38. Ke3 Nxe2 39. Kxe2 Bxe5 40. h3
f5 41. Kd3 Bd6 42. Nd2 Bc5 43. f3 Kf6 44. Nf1 Ke5 45. Ke2 Kf4 46. Nd2 Kg3 47.
gxf5 exf5 48. f4 Kxf4 49. Nf3 Kg3 50. Ne5 Kxh3 51. Nd3 b6 0-1

[Event "Julian Mazur Memorial"]
[Site "Wellington Chess Club"]
[Date "2010.11.23"]
[Round "6"]
[White "Nyberg, Michael"]
[Black "Ker, Anthony"]
[Result "0-1"]
[WhiteElo "2036"]
[BlackElo "2444"]

1. d4 d6 2. Bg5 h6 3. Bf4 g5 4. Bg3 Bg7 5. e3 c5 6. c3 Qb6 7. Qc2 Nf6 8. Nd2
cxd4 9. Nc4 Qc6 10. cxd4 O-O 11. Rc1 Be6 12. Nf3 Na6 13. b3 Rac8 14. Be2 d5 15.
Na3 Qb6 16. Qb2 Qa5+ 17. Nd2 Rxc1+ 18. Qxc1 Rc8 19. Qb2 Ne4 20. Nb1 Nb4 21. a3
Nc2+ 22. Kd1 Nxd2 23. b4 Qb6 24. Kxd2 Nxd4 25. exd4 Bxd4 26. Qb3 Bxf2 27. Be5
Be3+ 28. Ke1 Rc1+ 29. Bd1 Bg4 30. Nc3 Bf2+ 31. Kf1 Qe3 0-1

[Event "Julian Mazur Memorial"]
[Site "Wellington Chess Club"]
[Date "2010.11.23"]
[Round "6"]
[White "Van der Hoorn, Mark"]
[Black "Wilson, Dallas"]
[Result "1-0"]
[WhiteElo "2147"]
[BlackElo "1740"]

1. e4 e5 2. Nc3 Nc6 3. Bc4 Bc5 4. Qg4 Qf6 5. Nd5 Qxf2+ 6. Kd1 Kf8 7. Nh3 Qd4 8.
d3 d6 9. Qh4 Bxh3 10. Qxh3 Qf2 11. b4 Nd4 12. Bd2 c6 13. bxc5 cxd5 14. exd5
dxc5 15. c3 b5 16. Bb3 c4 17. cxd4 cxb3 18. Bb4+ Ke8 19. Rc1 f5 20. Re1 b2 21.
Rxe5+ Kd7 22. Rb1 Nh6 23. Re7+ Kd8 24. d6 Qg1+ 25. Re1 Qxd4 26. Qf3 Rc8 27.
Ba5+ Kd7 28. Qb7+ Kxd6 29. Bb4+ Rc5 30. Qe7+ Kc6 31. Re6+ Kd5 32. Rd6# 1-0

[Event "Julian Mazur Memorial"]
[Site "Wellington Chess Club"]
[Date "2010.11.23"]
[Round "6"]
[White "Veldhuizen, Matt"]
[Black "Proctor, Matthew"]
[Result "1-0"]
[WhiteElo "1387"]
[BlackElo "1435"]

1. b3 e5 2. Bb2 Nc6 3. e3 d5 4. Bb5 Bd7 5. Bxc6 Bxc6 6. Bxe5 Qg5 7. Bg3 O-O-O
8. Nf3 Qg6 9. Ne5 Qf6 10. d4 Bd6 11. Nxc6 Bxg3 12. Nxa7+ Kb8 13. hxg3 Kxa7 14.
Nd2 h5 15. Rxh5 Ne7 16. Qg4 Rh6 17. Rxh6 Qxh6 18. O-O-O 1-0

[Event "Julian Mazur Memorial"]
[Site "Wellington Chess Club"]
[Date "2010.11.23"]
[Round "6"]
[White "Whittle, Jonathon"]
[Black "Capper, David"]
[Result "1/2-1/2"]
[WhiteElo "1635"]
[BlackElo "1749"]

1. g3 Nc6 2. Bg2 g6 3. d3 Bg7 4. Nd2 d6 5. a3 Nf6 6. e3 Bd7 7. Ne2 O-O 8. h3
Qc8 9. g4 Ne8 10. f4 e5 11. f5 gxf5 12. gxf5 Bxf5 13. Ng3 Bg6 14. Nde4 Qd8 15.
h4 h6 16. h5 Bh7 17. Nf2 f5 18. Bd5+ Kh8 19. Rg1 Qe7 20. e4 f4 21. Nf5 Bxf5 22.
exf5 Rxf5 23. Ne4 Qh4+ 24. Kd2 Rxh5 25. Bf7 Qh2+ 26. Kc3 Rf5 27. Rh1 Qg2 28.
Be6 Nd4 29. Bxf5 Nxf5 30. Qh5 Ng3 31. Nxg3 Qxg3 32. Bd2 Nf6 33. Qf7 Qf3 34.
Rag1 Qc6+ 35. Kb3 Qd5+ 36. Qxd5 Nxd5 37. Kc4 Ne7 38. Be1 Nf5 39. Kd5 Re8 40.
Ke4 Ne3 41. c3 d5+ 42. Kf3 Nf5 43. Kg4 Ne3+ 44. Kf3 Rg8 45. Bh4 Nf5 46. Bg5 Kh7
47. d4 Ng3 48. Rh2 h5 49. Bh4 Rf8 50. Bxg3 e4+ 51. Kf2 fxg3+ 52. Kxg3 Rf3+ 53.
Kg2 Kh6 54. Kh1 b6 55. Rhg2 Rh3+ 56. Rh2 Rf3 57. Rhg2 Rh3+ 58. Rh2 Rf3 1/2-1/2

[Event "Julian Mazur Memorial"]
[Site "Wellington Chess Club"]
[Date "2010.11.30"]
[Round "7"]
[White "Farrington, Lawrence"]
[Black "Brockway, Andrew"]
[Result "0-1"]
[WhiteElo "1698"]
[BlackElo "1802"]

1. e4 c5 2. c3 g6 3. d4 cxd4 4. cxd4 d5 5. e5 Bg7 6. Nc3 Nc6 7. f4 Nh6 8. Nf3
Bg4 9. Be3 Nf5 10. Bf2 O-O 11. Be2 Bxf3 12. Bxf3 e6 13. Qd2 f6 14. O-O fxe5 15.
fxe5 Bh6 16. Qd3 Nb4 17. Qe2 Rc8 18. a3 Nc6 19. Qd3 Na5 20. Bg4 Nc4 21. Bxf5
Rxf5 22. Rab1 Nd2 23. Nb5 Nxb1 24. Nd6 Rc7 25. Nxf5 gxf5 26. Rxb1 Qg5 27. Qg3
Qxg3 28. Bxg3 Rc1+ 29. Rxc1 Bxc1 30. b3 Bxa3 31. Kf2 Bb4 32. Ke3 b5 33. Kd3 a5
34. Bh4 Kf7 35. Bd8 Kg6 36. Bc7 Kh5 37. Bd6 Kg4 38. Bxb4 axb4 39. Ke2 Kf4 40.
Kd3 h6 41. g3+ Kf3 42. Kd2 Ke4 0-1

[Event "Julian Mazur Memorial"]
[Site "Wellington Chess Club"]
[Date "2010.11.30"]
[Round "7"]
[White "Gillespie, John"]
[Black "Forster, Bill"]
[Result "0-1"]
[WhiteElo "1510"]
[BlackElo "1990"]

1. d4 c5 2. e3 g6 3. c4 Bg7 4. Nf3 Nf6 5. Nc3 O-O 6. Be2 cxd4 7. exd4 d5 8.
cxd5 Nxd5 9. Bc4 Nxc3 10. bxc3 Qc7 11. Qb3 Nc6 12. Be2 Be6 13. Qb2 Rac8 14. Bd2
Na5 15. O-O Bc4 16. Be1 Rfd8 17. Ne5 Bxe5 18. dxe5 Qxe5 19. Bxc4 Rxc4 20. Rc1
Re4 21. Qb1 b6 22. f3 Re2 23. c4 Qe3+ 24. Kh1 Qg5 25. Rf2 Rxf2 26. Bxf2 Rd2 27.
Bg3 Qc5 28. Be1 Re2 29. Bb4 Qf2 30. Rg1 Nxc4 31. Be1 Qe3 32. Qd1 Nd6 33. Bc3
Qe6 34. Qd4 f6 35. h3 Qc4 36. Qxc4+ Nxc4 37. Rd1 Nd6 38. a3 Kf7 39. Bb4 Nf5 40.
Rd7 a5 41. Bc3 Nh4 42. Rd2 Rxd2 43. Bxd2 Ke6 44. Kg1 Kd5 45. Kf2 Kc4 46. Ke3
Kb3 47. Bc1 Nxg2+ 0-1

[Event "Julian Mazur Memorial"]
[Site "Wellington Chess Club"]
[Date "2010.11.30"]
[Round "7"]
[White "Jackson, Ross"]
[Black "Nijman, Brian"]
[Result "0-1"]
[WhiteElo "1889"]
[BlackElo "2131"]

1. d4 e6 2. c4 f5 3. g3 Nf6 4. Bg2 Bb4+ 5. Nd2 O-O 6. a3 Be7 7. Ngf3 Qe8 8. O-O
d6 9. b3 Nc6 10. Bb2 Bd8 11. Qc2 e5 12. dxe5 dxe5 13. b4 e4 14. Nd4 Ne5 15. Qc3
Ng6 16. e3 Rf7 17. c5 Ng4 18. Nc4 Bf6 19. Qc2 N4e5 20. f4 exf3 21. Bxf3 Nxc4
22. Qxc4 Qxe3+ 23. Rf2 Ne5 24. Qe2 Nxf3+ 25. Nxf3 Qxe2 26. Rxe2 Bxb2 27. Rxb2
Re7 28. Rd2 Bd7 29. Nd4 g6 30. b5 c6 31. a4 Rc8 32. Rc1 Kf7 33. b6 axb6 34.
cxb6 c5 35. Nb5 Bxb5 36. axb5 c4 37. Rc3 Rc5 38. Rd4 Rxb5 39. Rdxc4 Rxb6 40.
Kg2 Rd6 41. h4 b5 42. Rb4 Rd5 43. Rc8 Rb7 44. Kf3 Kf6 45. Rf8+ Ke5 46. Ke3 Rc5
47. Re8+ Kd6 48. Rd4+ Kc6 49. Re6+ Kc7 50. Re7+ Kb6 51. Re8 Rc3+ 52. Kf2 Kc5
53. Rdd8 b4 54. Rc8+ Kb5 55. Re5+ Ka4 56. Ra8+ Kb3 57. Rea5 Rd7 58. Rb8 Rd2+
59. Ke1 Rb2 60. Ra1 Rxg3 0-1

[Event "Julian Mazur Memorial"]
[Site "Wellington Chess Club"]
[Date "2010.11.30"]
[Round "7"]
[White "Pomeroy, Arthur"]
[Black "Nyberg, Michael"]
[Result "1-0"]
[WhiteElo "2098"]
[BlackElo "2036"]

1. e4 c6 2. d4 d5 3. e5 Bf5 4. h4 h6 5. g4 Be4 6. f3 Bg6 7. h5 Bh7 8. e6 fxe6
9. Bd3 Bxd3 10. Qxd3 Qd6 11. Ne2 Nf6 12. Bf4 Qb4+ 13. Nbc3 Na6 14. a3 Qa5 15.
O-O O-O-O 16. b4 Qb6 17. Rfb1 Nc7 18. a4 g5 19. hxg6 Bg7 20. b5 cxb5 21. Nxb5
Nxb5 22. Rxb5 Qa6 23. Rc5+ Kd7 24. Rc7+ Ke8 25. Qxa6 bxa6 26. Rb1 Nd7 27. Rbb7
Bf6 28. Be5 Rg8 29. Nf4 Nxe5 30. dxe5 Bg5 31. Nxe6 Rxg6 32. Nxg5 Rxg5 33. Rxe7+
Kf8 34. e6 Kg8 35. Kf2 Rf8 36. Kg3 Rc8 37. f4 Rg6 38. f5 Rg5 39. Kf4 d4 40. f6
Rf8 41. Rg7+ Rxg7 42. Rxg7+ Kh8 43. Kf5 Rc8 44. Kg6 Rxc2 45. f7 1-0

[Event "Julian Mazur Memorial"]
[Site "Wellington Chess Club"]
[Date "2010.11.30"]
[Round "7"]
[White "Sellen, Ian"]
[Black "Havukkala, Ilkka"]
[Result "0-1"]
[WhiteElo "2032"]
[BlackElo "1600"]

1. c4 c5 2. Nc3 Nc6 3. Nf3 Nd4 4. e3 Nxf3+ 5. Qxf3 Nf6 6. d4 d6 7. h3 Rb8 8.
Bd3 b6 9. O-O Bb7 10. d5 e5 11. Qd1 Qe7 12. Qa4+ Nd7 13. Qxa7 g6 14. Qa4 f5 15.
Qd1 e4 16. Be2 Ne5 17. b3 h5 18. f4 Nf7 19. Bd2 Bg7 20. Rc1 Bc8 21. Be1 h4 22.
Nb5 Nh6 23. Bc3 Kf7 24. Bxg7 Kxg7 25. Qe1 Bd7 26. Nc3 Rbg8 27. Bd1 Kf8 28. Ne2
g5 29. fxg5 Rxg5 30. Nf4 Rhg8 31. Kh1 Rg3 32. Rc2 Qg5 33. Rcf2 Ke7 34. Qc3 Nf7
35. Re1 Ne5 36. Rg1 Nd3 0-1

[Event "Julian Mazur Memorial"]
[Site "Wellington Chess Club"]
[Date "2010.11.30"]
[Round "7"]
[White "Stracy, Don"]
[Black "Stoeveken, Peter"]
[Result "1-0"]
[WhiteElo "1796"]
[BlackElo "1663"]

1. e4 e6 2. d4 d5 3. Nd2 c5 4. Ngf3 Nc6 5. exd5 exd5 6. dxc5 Bxc5 7. Nb3 Bb6 8.
Bb5 Nf6 9. O-O O-O 10. Nbd4 Nxd4 11. Nxd4 Bg4 12. Qd3 Qd6 13. Re1 Qb4 14. c3
Qd6 15. Bg5 Ne4 16. Bh4 Bc7 17. Bg3 Nxg3 18. Qxg3 Qxg3 19. hxg3 a6 20. Ba4 Bb6
21. Re5 Bxd4 22. cxd4 Be6 23. Bb3 Rfd8 24. Rc1 Rd6 25. f4 Rc6 26. Rce1 g6 27.
Kf2 Rac8 28. R1e2 a5 29. Bxd5 Bxd5 30. Rxd5 Rc2 31. Re5 R8c4 32. Rxc2 Rxc2+ 33.
Re2 Rc6 34. Ke3 f5 35. Kd3 Kf7 36. Rc2 Rxc2 37. Kxc2 Ke6 38. Kd3 Kd5 39. a3 b5
40. b3 h6 41. Ke3 Ke6 42. Kd2 Kd6 43. Kc3 Kd5 44. Kd3 Kc6 45. a4 bxa4 46. bxa4
Kd5 47. Kc3 g5 48. Kd3 gxf4 49. gxf4 h5 50. g3 Kd6 51. Kc4 1-0

[Event "Julian Mazur Memorial"]
[Site "Wellington Chess Club"]
[Date "2010.11.30"]
[Round "7"]
[White "Wastney, Scott"]
[Black "Turner, Michael"]
[Result "1-0"]
[WhiteElo "2375"]
[BlackElo "1988"]

1. e4 c5 2. Nf3 d6 3. d4 cxd4 4. Nxd4 Nf6 5. Nc3 g6 6. Be2 Bg7 7. O-O O-O 8.
Be3 Nc6 9. f4 Bd7 10. Bf3 e5 11. Ndb5 exf4 12. Bxf4 Ne5 13. Nxd6 Nxf3+ 14. Qxf3
Qb6+ 15. Kh1 Be6 16. Be5 Ng4 17. Bxg7 Kxg7 18. e5 Ne3 19. Rfc1 Qd4 20. Nce4 Ng4
21. h3 f5 22. exf6+ Nxf6 23. Rd1 Qxb2 24. Rab1 Nxe4 25. Qxe4 Qc3 26. Qxe6 1-0

[Event "Julian Mazur Memorial"]
[Site "Wellington Chess Club"]
[Date "2010.12.04"]
[Round "6"]
[White "Turner, Michael"]
[Black "Sellen, Ian"]
[Result "0-1"]
[WhiteElo "2099"]
[BlackElo "2032"]

1. d4 d5 2. c4 e6 3. Nc3 Nf6 4. Bf4 c6 5. e3 Bd6 6. Bxd6 Qxd6 7. c5 Qc7 8. Bd3
b6 9. cxb6 axb6 10. Nf3 Ba6 11. O-O Bxd3 12. Qxd3 Nbd7 13. e4 dxe4 14. Nxe4 O-O
15. Rfc1 Rfc8 16. h3 Nd5 17. Neg5 Nf8 18. Ne5 f6 19. Rxc6 Qb7 20. Rxe6 fxg5 21.
Rd6 Rd8 22. Rc6 Nd7 23. Rac1 Nxe5 24. dxe5 Qe7 25. Qe4 Ra5 26. a3 Rc5 27. R6xc5
bxc5 28. Re1 Qe6 29. Qd3 Rc8 30. Qg3 h6 31. h4 gxh4 32. Qxh4 Rf8 33. Qc4 Nf4
34. Qxc5 Nd3 0-1

[Event "Julian Mazur Memorial"]
[Site "Wellington Chess Club"]
[Date "2010.12.07"]
[Round "8"]
[White "Brockway, Andrew"]
[Black "Capper, David"]
[Result "1-0"]
[WhiteElo "1803"]
[BlackElo "1749"]

1. e4 d6 2. d4 g6 3. Nf3 Nf6 4. Nc3 Bg7 5. h3 O-O 6. Bc4 Nbd7 7. e5 dxe5 8.
dxe5 Ne8 9. e6 fxe6 10. Bxe6+ Kh8 11. Ng5 Nd6 12. Be3 Nf6 13. Bc5 Qe8 14. Qe2
Bd7 15. Bxd7 Nxd7 16. Ba3 e5 17. Nce4 h6 18. Bxd6 cxd6 19. Nxd6 Qe7 20. Nge4 b6
21. O-O-O Rad8 22. Rd2 Nc5 23. Nxc5 bxc5 24. Ne4 Rxd2 25. Qxd2 Qb7 26. f3 Rb8
27. Qc3 Qa6 28. a3 c4 29. Rd1 Qc6 30. Rd6 Qxd6 31. Nxd6 e4 32. Qxc4 Bxb2+ 33.
Kd2 Rd8 34. Qc7 1-0

[Event "Julian Mazur Memorial"]
[Site "Wellington Chess Club"]
[Date "2010.12.07"]
[Round "8"]
[White "Ker, Anthony"]
[Black "Pomeroy, Arthur"]
[Result "1-0"]
[WhiteElo "2444"]
[BlackElo "2098"]

1. e4 c5 2. c3 Nf6 3. e5 Nd5 4. d4 cxd4 5. Nf3 e6 6. cxd4 d6 7. Bc4 Nc6 8. O-O
Nb6 9. Bb3 dxe5 10. dxe5 Qxd1 11. Rxd1 Na5 12. Nc3 Bd7 13. Bc2 Rc8 14. Bd3 Nac4
15. b3 Na5 16. Ne4 Nd5 17. Bd2 Nc6 18. a3 f6 19. exf6 gxf6 20. Bc4 Nde7 21.
Nd6+ 1-0

[Event "Julian Mazur Memorial"]
[Site "Wellington Chess Club"]
[Date "2010.12.07"]
[Round "8"]
[White "Marney, John"]
[Black "Farrington, Lawrence"]
[Result "0-1"]
[WhiteElo "1501"]
[BlackElo "1698"]

1. e4 e5 2. Nf3 Nf6 3. Nc3 Nc6 4. Bc4 Nxe4 5. Qe2 Nf6 6. Nxe5 Nxe5 7. Qxe5+ Be7
8. d3 d6 9. Qg3 Be6 10. Bb5+ c6 11. Ba4 O-O 12. Bd2 Re8 13. O-O d5 14. Rae1 Bd6
15. f4 Bf5 16. Nd1 Qc7 17. Ne3 Bg6 18. c3 Nh5 19. Qf2 Nxf4 20. Bc2 Nxd3 21.
Bxd3 Bxd3 22. Ng4 Bxf1 23. Rxf1 Re6 24. Qf5 Rae8 25. b4 Be5 26. a4 Qe7 27. Bg5
Qc7 28. Rf3 d4 29. h4 dxc3 30. Be3 b6 31. h5 h6 32. a5 Rd8 33. axb6 Rd1+ 34.
Kf2 axb6 35. Bxb6 Qxb6+ 36. Ne3 Qa7 37. Ke2 Rd2+ 38. Ke1 Qa1+ 0-1

[Event "Julian Mazur Memorial"]
[Site "Wellington Chess Club"]
[Date "2010.12.07"]
[Round "8"]
[White "Proctor, Matthew"]
[Black "Stephens, Dominick"]
[Result "0-1"]
[WhiteElo "1435"]
[BlackElo "1426"]

1. e4 c6 2. d4 d5 3. Nc3 dxe4 4. Nxe4 Bf5 5. Ng3 Bg6 6. Nf3 Nf6 7. Ne5 Nbd7 8.
Nxg6 hxg6 9. Bd3 Qb6 10. c3 c5 11. Bc4 cxd4 12. cxd4 Qb4+ 13. Bd2 Qxc4 14. Rc1
Qxd4 15. Qc2 Qe5+ 16. Be3 Qa5+ 17. Bd2 Qd8 18. Qa4 e6 19. O-O Be7 20. Rc3 Nd5
21. Rd3 f5 22. Re1 Kf7 23. Nf1 Rh4 24. Qb3 N7b6 25. g3 Rc4 26. Ne3 Rc7 27. g4
Rd7 28. gxf5 gxf5 29. Nxd5 Rxd5 30. Rde3 Qd7 31. Bc3 Bf6 32. Bxf6 Kxf6 33. h4
Rd8 34. Rh3 Rd1 35. Qe3 Kf7 36. Rg3 Rxe1+ 37. Qxe1 Qd1 38. Kf1 Qxe1+ 39. Kxe1
Nc4 40. Rb3 b6 41. Rb4 Ne5 42. Ke2 Rh8 43. Rd4 g5 44. hxg5 Kg6 45. f4 Rh2+ 46.
Ke3 Ng4+ 47. Kf3 Rxb2 48. Rd6 Rxa2 49. Rxe6+ Kf7 50. Rc6 b5 51. g6+ Kg7 52. Kg3
b4 53. Kh4 Rh2+ 54. Kg5 Rh8 55. Rc7+ Kg8 56. Rb7 a5 57. Kxf5 Ne3+ 58. Ke4 Nc4
59. Kd3 Nd6 60. Ra7 Rh3+ 61. Kd4 Nb5+ 62. Ke5 Nxa7 63. f5 b3 64. f6 b2 65. f7+
Kg7 0-1

[Event "Julian Mazur Memorial"]
[Site "Wellington Chess Club"]
[Date "2010.12.07"]
[Round "8"]
[White "Roberts, Michael"]
[Black "Veldhuizen, Matt"]
[Result "1-0"]
[WhiteElo "1622"]
[BlackElo "1387"]

1. e4 c6 2. d4 d5 3. Nc3 dxe4 4. Nxe4 Nd7 5. Bc4 Ngf6 6. Nxf6+ Nxf6 7. Bg5 e6
8. Nf3 Be7 9. O-O O-O 10. Qe2 h6 11. Bd2 Nd5 12. Bb3 Bd7 13. c4 Nf6 14. Rad1
Qc7 15. Bc3 Rfe8 16. Ne5 Rad8 17. Ng4 Nxg4 18. Qxg4 f5 19. Qf3 Rf8 20. c5 Bf6
21. Rfe1 Rde8 22. Qxf5 Qc8 23. Qg6 Rf7 24. f4 Kf8 25. f5 Rfe7 26. Qh7 Kf7 27.
Rd3 Rh8 28. Qg6+ Kf8 29. Rde3 Qe8 30. Qxe8+ Kxe8 31. fxe6 Bc8 32. Re4 g5 33.
Rf1 Bg7 34. h4 Rg8 35. hxg5 hxg5 36. Rf5 Rf8 37. Rxf8+ Kxf8 38. Be1 Kg8 39. Bg3
Kh7 40. Bd6 Re8 41. e7 Bf5 42. Bf7 Bxe4 43. Bxe8 Bxd4+ 44. Kh2 Bxb2 45. Bf7 1-0

[Event "Julian Mazur Memorial"]
[Site "Wellington Chess Club"]
[Date "2010.12.07"]
[Round "8"]
[White "Sknar, Andrew"]
[Black "Drinkwater, Blaise"]
[Result "0-1"]
[WhiteElo "100"]
[BlackElo "1411"]

1. e4 d5 2. Bd3 dxe4 3. Bxe4 Nf6 4. Qf3 Bg4 5. Qf4 c6 6. h3 Bh5 7. Nc3 e6 8.
Nb5 cxb5 9. Bxb7 Nbd7 10. Bxa8 Qxa8 11. f3 Be7 12. g4 Bg6 13. g5 Nd5 14. Qd4 e5
15. Qg4 Bxc2 16. d4 exd4 17. Qxd4 O-O 18. Bf4 Bc5 19. Qd2 Bb4 20. Qxb4 Nxb4 21.
Bd6 Re8+ 22. Ne2 Qxf3 23. Rh2 Bd3 0-1

[Event "Julian Mazur Memorial"]
[Site "Wellington Chess Club"]
[Date "2010.12.07"]
[Round "8"]
[White "Turner, Michael"]
[Black "Wilkins, Mark"]
[Result "1-0"]
[WhiteElo "2088"]
[BlackElo "1924"]

1. d4 Nf6 2. c4 e6 3. Nc3 Bb4 4. f3 d5 5. Bg5 c5 6. a3 Bxc3+ 7. bxc3 O-O 8. e4
Qa5 9. e5 Nfd7 10. Bd2 dxc4 11. Bxc4 b5 12. Bd3 Qb6 13. Ne2 Nc6 14. Bf4 c4 15.
Bb1 f5 16. exf6 Nxf6 17. Qc2 g6 18. Bh6 Rf7 19. h4 e5 20. Qd2 exd4 21. Nxd4
Nxd4 22. cxd4 Nd5 23. Be4 Bb7 24. h5 Re8 25. hxg6 Qxg6 26. O-O Qg3 27. Rae1 Rd8
28. Bxd5 Bxd5 29. Re5 Kh8 30. Qe3 Qg8 31. Rg5 1-0

[Event "Julian Mazur Memorial"]
[Site "Wellington Chess Club"]
[Date "2010.12.07"]
[Round "8"]
[White "Wilson, Dallas"]
[Black "Jackson, Ross"]
[Result "1/2-1/2"]
[WhiteElo "1740"]
[BlackElo "2013"]

1. e4 c5 2. Nf3 d6 3. d4 cxd4 4. c3 dxc3 5. Nxc3 a6 6. Bc4 e6 7. O-O Nc6 8. Re1
Na5 9. Bd3 b5 10. b3 Bb7 11. Bb2 b4 12. Ne2 e5 13. Ng3 Nf6 14. Qd2 Nc6 15. Bc4
h6 16. Rad1 g6 17. Bd5 Qb6 18. Nf1 Be7 19. Ne3 Na5 20. Bxb7 Qxb7 21. Nd5 Nxd5
22. exd5 Rb8 23. Nxe5 dxe5 24. Bxe5 Kd7 25. d6 Bg5 26. f4 Bh4 27. g3 Bxg3 28.
hxg3 Rhe8 29. Bf6 Re6 30. Rxe6 fxe6 31. Qe3 Qb6 32. Kf2 Qxe3+ 33. Kxe3 Rb6 34.
Be5 Nb7 35. Rh1 h5 36. g4 Nxd6 37. Bxd6 Rxd6 38. gxh5 gxh5 39. Rxh5 Kc6 40. Re5
Kb6 41. f5 1/2-1/2